| 000 | 00955cam a22002775a 4500 | ||
|---|---|---|---|
| 001 | 18110700 | ||
| 005 | 20151208121838.0 | ||
| 008 | 140410t2014 nyua frb 001 0 eng d | ||
| 020 | _a0071834907 (alk. paper) | ||
| 020 | _a9780071834902 (alk. paper) | ||
| 040 |
_aDLC _beng _cDLC _dEG-ScBUE |
||
| 082 | 0 | 4 |
_a658.31 _222 _bLAM |
| 100 | 1 |
_aLamont, Erika. _938871 |
|
| 245 | 1 | 0 |
_aTalent selection and onboarding tool kit : _bhow to find, hire, and develop the best of the best / _cErica Lamont and Anne Bruce. |
| 260 |
_aNew York : _bMCGraw-Hill Education, _cc.2014. |
||
| 300 |
_axi, 176 p. : _bill. ; _c21 cm. |
||
| 500 | _aIndex : p. 173-176. | ||
| 504 | _aBibliography : p. 171-172. | ||
| 650 | 0 |
_aEmployee orientation. _2BUEsh |
|
| 650 | 7 |
_aEmployee motivation. _2BUEsh _934407 |
|
| 650 | 0 |
_aEmployee morale. _2BUEsh |
|
| 651 | _2BUEsh | ||
| 653 |
_bBUSADM _cAugust2015 _cDecember2015 |
||
| 700 | 1 |
_aBruce, Anne, _d1952- |
|
| 942 |
_2ddc _k658.31 LAM |
||
| 999 |
_c20619 _d20591 |
||